[Event "Sao Paulo m"]
[Site "Sao Paulo"]
[Date "1991.??.??"]
[Round "2"]
[White "Nikolic, Predrag"]
[Black "Mecking, Henrique"]
[Result "1/2-1/2"]
[WhiteElo "2620"]
[BlackElo "2615"]

1.d4 Nf6 2.c4 g6 3.Nf3 Bg7 4.g3 O-O 5.Bg2 d5 6.O-O dxc4 7.Na3 Na6 8.Ne5 c5
9.dxc5 Nxc5 10.Be3 Qc7 11.Nexc4 Ng4 12.Bf4 e5 13.Bg5 h6 14.Bd2 Rd8 15.Qc1 Qe7
16.h3 Nf6 17.Bxh6 Bxh6 18.Qxh6 e4 19.Rad1 Be6 20.Qg5 b6 21.b3 Rxd1 22.Rxd1 Rd8
23.Rxd8+ Qxd8 24.Qd2 Qxd2 25.Nxd2 Nd5 26.Nb5 f5 27.Nb1 a6 28.N5c3 a5 29.f3 exf3
30.Bxf3 Nb4 31.h4 Kf7 32.Kf2 Kf6 33.Ke3 Ke5 34.Na3 a4 35.bxa4 Nxa2 36.Nab5 Nxc3
37.Nxc3 Bd7 38.Nd5 Nxa4 39.Nf4 Be8 40.Nd3+  1/2-1/2

[Event "Sao Paulo m"]
[Site "Sao Paulo"]
[Date "1991.??.??"]
[Round "3"]
[White "Mecking, Henrique"]
[Black "Nikolic, Predrag"]
[Result "0-1"]
[WhiteElo "2615"]
[BlackElo "2620"]

1.d4 d5 2.c4 c6 3.Nc3 Nf6 4.Nf3 dxc4 5.a4 Bg4 6.Ne5 Bh5 7.g3 e6 8.Bg2 Bb4
9.O-O Nd5 10.Qc2 Be7 11.Nxc4 O-O 12.Rd1 Na6 13.h3 Nab4 14.Qb3 f6 15.a5 b5
16.axb6 axb6 17.Rxa8 Qxa8 18.g4 Bf7 19.e4 b5 20.Na3 Nb6 21.e5 fxe5 22.dxe5 N4d5
23.Nc2 Nc4 24.Nxd5 cxd5 25.Qxb5 Qa7 26.Be3 Nxe3 27.Nxe3 Bh4 28.Rd2 Bxf2+
29.Rxf2 Qxe3 30.Qe2 Qd4 31.Kh1 Re8 32.Bf3 Bg6 33.Kg2 h6 34.Qa6 Qxe5 35.Qa3 Kh7
36.Re2 Qf6 37.Kg3 d4 38.Qd6 Rf8 39.Bg2 d3 40.Rxe6 Qf2+ 41.Kh2 Rf4 42.Re7 Re4
43.Rd7 Re2 44.Qg3 Be4  0-1

[Event "Sao Paulo m"]
[Site "Sao Paulo"]
[Date "1991.??.??"]
[Round "4"]
[White "Nikolic, Predrag"]
[Black "Mecking, Henrique"]
[Result "1/2-1/2"]
[WhiteElo "2620"]
[BlackElo "2615"]

1.d4 Nf6 2.c4 e6 3.Nf3 b6 4.g3 Bb7 5.Bg2 Be7 6.O-O O-O 7.Bf4 d5 8.Ne5 Nbd7
9.Nc3 c6 10.Qa4 Nxe5 11.Bxe5 a6 12.cxd5 cxd5 13.Rfc1 Rc8 14.Bxf6 Bxf6 15.e3 Rc6
16.Bf1 b5 17.Qb3 Qa5 18.a3 Rfc8 19.Na2 Be7 20.Qd1 g6 21.Rxc6 Rxc6 22.Rc1 Qb6
23.Rxc6 Qxc6 24.Qd2 e5 25.Nb4 Bxb4 26.Qxb4 e4 27.Bh3 Bc8 28.Bxc8 Qc1+ 29.Kg2 Qxc8
30.Qd6 Qg4 31.Qxa6 Qf3+ 32.Kg1 Qd1+  1/2-1/2

[Event "Sao Paulo m"]
[Site "Sao Paulo"]
[Date "1991.??.??"]
[Round "5"]
[White "Mecking, Henrique"]
[Black "Nikolic, Predrag"]
[Result "1/2-1/2"]
[WhiteElo "2615"]
[BlackElo "2620"]

1.d4 f5 2.Nf3 Nf6 3.c4 e6 4.Nc3 Bb4 5.Qb3 Qe7 6.Bg5 O-O 7.a3 Bxc3+ 8.Qxc3 d6
9.g3 h6 10.Bxf6 Qxf6 11.Bg2 Nc6 12.O-O e5 13.e3 Bd7 14.b4 exd4 15.Nxd4 Nxd4
16.Qxd4 Qxd4 17.exd4 Bc6 18.Bxc6 bxc6 19.Rfe1 Rfe8 20.Kf1 Kf8 21.a4 a6 22.Re3 Rab8
23.Rb1 Re4 24.Rxe4 fxe4 25.Ke2 Ke7 26.f3 exf3+ 27.Kxf3 Rf8+ 28.Ke3  1/2-1/2

[Event "Brussels SWIFT rapid"]
[Site "Brussels"]
[Date "1992.??.??"]
[Round "?"]
[White "Nikolic, Predrag"]
[Black "Gulko, Boris F"]
[Result "1-0"]
[WhiteElo "2635"]
[BlackElo "2560"]

1.d4 d6 2.Nf3 g6 3.g3 Bg7 4.Bg2 c5 5.O-O cxd4 6.Nxd4 Qb6 7.Nb3 Nf6 8.c4 O-O
9.Nc3 Na6 10.Bg5 Be6 11.Rc1 Bxc4 12.Na4 Qb5 13.Nd4 Qxg5 14.Rxc4 d5 15.Rc1 Rfc8
16.Rxc8+ Rxc8 17.Nb5 Qe5 18.Nxa7 Rc4 19.b3 Rb4 20.a3 Rd4 21.Qc2 Qc7 22.Qxc7 Nxc7
23.Rc1 Nfe8 24.Nc5 Rd2 25.Nxb7 Bb2 26.Re1 Bxa3 27.Nc6 Nf6 28.Bf3 Rb2 29.Nba5 Nb5
30.Ra1 e6 31.h4 Kg7 32.Ne5 Ne4 33.Bxe4 dxe4 34.Nec4  1-0

[Event "Brussels SWIFT rapid"]
[Site "Brussels"]
[Date "1992.??.??"]
[Round "?"]
[White "Nikolic, Predrag"]
[Black "Georgiev, Kiril"]
[Result "1/2-1/2"]
[WhiteElo "2635"]
[BlackElo "2605"]

1.d4 Nf6 2.Nf3 d5 3.c4 e6 4.Nc3 Be7 5.Bg5 h6 6.Bh4 O-O 7.e3 b6 8.Be2 dxc4
9.Bxc4 Bb7 10.O-O Nbd7 11.Qe2 a6 12.Rfd1 b5 13.Bd3 Nd5 14.Bxe7 Qxe7 15.Nxd5 Bxd5
16.e4 Bb7 17.a4 b4 18.a5 c5 19.Rac1 cxd4 20.Nxd4 Ne5 21.Bb1 Rfc8 22.f4 Nd7
23.e5 g6 24.Be4 Nc5 25.Bxb7 Qxb7 26.Rc4 Na4 27.Rdc1 Rxc4 28.Rxc4 Rc8 29.Qf3 Qd7
30.Rxc8+ Qxc8 31.Qc6 Qxc6 32.Nxc6 b3 33.Nd4 Nxb2 34.Nxb3 Nd3 35.g3 g5 36.Kg2 gxf4
37.gxf4 Nxf4+ 38.Kf3 Nd3 39.Ke4 Nb4 40.Kd4 Nc6+ 41.Kc5 Nxe5 42.Kb6 Nc4+ 43.Kxa6 Kg7
44.Kb5 Nxa5 45.Nxa5 Kf6 46.Kc4 Kg5 47.Nc6 Kh4 48.Nd8 Kh3 49.Nxf7 h5 50.Ng5+ Kxh2
51.Nxe6 h4 52.Kd3 Kg3 53.Ng5 h3 54.Nxh3 Kxh3  1/2-1/2

[Event "Brussels SWIFT rapid"]
[Site "Brussels"]
[Date "1992.??.??"]
[Round "?"]
[White "Nikolic, Predrag"]
[Black "Andersson, Ulf"]
[Result "1-0"]
[WhiteElo "2635"]
[BlackElo "2605"]

1.d4 Nf6 2.c4 e6 3.Nf3 Bb4+ 4.Bd2 Bxd2+ 5.Qxd2 d5 6.g3 Nbd7 7.Bg2 O-O 8.O-O c6
9.Qc2 b6 10.Nbd2 Bb7 11.Rad1 Qe7 12.Rfe1 c5 13.cxd5 Nxd5 14.dxc5 Nxc5 15.Qb1 Rfd8
16.a3 h6 17.Ne5 Nd7 18.Nd3 Nc5 19.Nxc5 Qxc5 20.Ne4 Qe7 21.Rc1 Rac8 22.Rxc8 Rxc8
23.Rc1 Rc7 24.h4 Qd8 25.Kh2 Qe7 26.Rc2 Kf8 27.Nd2 Nf6 28.Bxb7 Rxc2 29.Qxc2 Qxb7
30.Nf3 Kg8 31.Ne5 Nd7 32.Qc6 Qxc6 33.Nxc6 a6 34.Kg2 Kf8 35.b4 b5 36.Kf3 Nb6
37.Ke4 f6 38.Kd4 Nd7 39.h5 Kf7 40.Nd8+ Ke7 41.Nb7 f5 42.Nc5 Nb8 43.e4 fxe4
44.Kxe4 Kd6 45.f4 Ke7 46.g4 Kf6 47.Kd4 Nc6+ 48.Kc3 Nb8 49.Ne4+ Ke7 50.Kd4 Nd7
51.g5 Kf7 52.Nc5 Nb8 53.Ke5 Nc6+ 54.Kd6 Nd4 55.Nxa6 hxg5 56.fxg5 Nc2 57.Nc7 Nxa3
58.Kc5 e5 59.Nxb5 Nc2 60.Nc3 Ke6 61.b5 Nd4 62.b6 Kd7 63.Kd5 Nc6 64.Ne4  1-0

[Event "Brussels SWIFT rapid"]
[Site "Brussels"]
[Date "1992.??.??"]
[Round "?"]
[White "Gulko, Boris F"]
[Black "Nikolic, Predrag"]
[Result "0-1"]
[WhiteElo "2560"]
[BlackElo "2635"]

1.e4 e5 2.Nf3 Nc6 3.Bb5 a6 4.Ba4 Nf6 5.O-O Be7 6.Re1 b5 7.Bb3 O-O 8.d4 d6
9.c3 Bg4 10.Be3 Bh5 11.h3 Bg6 12.Nbd2 exd4 13.cxd4 Nb4 14.Nh4 c5 15.Nxg6 hxg6
16.Qb1 c4 17.Bc2 Re8 18.a3 Nxc2 19.Qxc2 d5 20.e5 Nh7 21.e6 fxe6 22.Qxg6 Bd6
23.Nf3 Qf6 24.Qg4 Qf5 25.Qxf5 exf5 26.Bd2 Re4 27.Rxe4 fxe4 28.Ne1 Nf8 29.Nc2 Ne6
30.a4 Nc7 31.axb5 axb5 32.Rxa8+ Nxa8 33.Ba5 Kf7 34.Kf1 Nc7 35.Bb4 Ke6 36.Ke2 Na6
37.Bxd6 Kxd6 38.h4 b4 39.Kd2 Ke6 40.g4 b3 41.Ne3 Nb4 42.h5 Nd3 43.g5 Nf4
44.h6 gxh6 45.gxh6 Kf6 46.Ng4+ Kg6 47.Ke3 c3  0-1

[Event "Brussels SWIFT rapid"]
[Site "Brussels"]
[Date "1992.??.??"]
[Round "?"]
[White "Georgiev, Kiril"]
[Black "Nikolic, Predrag"]
[Result "0-1"]
[WhiteElo "2605"]
[BlackElo "2635"]

1.e4 e5 2.Nf3 Nc6 3.d4 exd4 4.Nxd4 Nf6 5.Nxc6 bxc6 6.Nc3 Bb4 7.Bd3 d5 8.exd5 cxd5
9.O-O O-O 10.Bg5 c6 11.Na4 h6 12.Bh4 Bd6 13.Re1 Rb8 14.c3 c5 15.Bc2 Bd7 16.Rb1 g5
17.Bg3 Qc7 18.b4 Bxa4 19.Bxa4 Rfd8 20.a3 a5 21.Bc2 Bxg3 22.hxg3 d4 23.bxc5 Rxb1
24.Bxb1 Qxc5 25.cxd4 Rxd4 26.Qc1 Rc4 27.Qb2 Rc3 28.a4 Kg7 29.Bf5 Rc4 30.Re5 Qd6
31.Rxa5 Qd1+ 32.Kh2 Rc1 33.g4 Qh1+ 34.Kg3 Rg1 35.Qb7 Qh4+ 36.Kf3 Qh2 37.Ra7 Qxg2+
38.Ke2 Qf1+ 39.Ke3 Qc1+ 40.Kd3 Rd1+ 41.Ke2 Rd2+ 42.Kf3 Qh1+ 43.Kg3 Qh4+  0-1

[Event "Brussels SWIFT rapid"]
[Site "Brussels"]
[Date "1992.??.??"]
[Round "?"]
[White "Nikolic, Predrag"]
[Black "Lobron, Eric"]
[Result "1/2-1/2"]
[WhiteElo "2635"]
[BlackElo "2575"]

1.d4 Nf6 2.c4 e6 3.Nf3 b6 4.g3 Bb4+ 5.Bd2 a5 6.Bg2 O-O 7.Ne5 Ra7 8.O-O d6
9.Nd3 c5 10.dxc5 Bxc5 11.Nc3 Bb7 12.Bg5 Bxg2 13.Kxg2 Nc6 14.Ne4 Bd4 15.e3 d5
16.Nxf6+ Bxf6 17.Bxf6 Qxf6 18.cxd5 exd5 19.Qb3 d4 20.Qxb6 dxe3 21.Qxe3 Nd4
22.Ne5 Nc6 23.Nxc6 Qxc6+ 24.Kg1 Rd7 25.Rac1 Qb7 26.b3 Rfd8 27.h4 h6 28.Rc4 Rd2
29.Ra4 R8d3 30.Qf4 Qd5 31.Re1 Re2 32.Re4 Rxa2 33.Re5 Qf3 34.Qxf3 Rxf3 35.R1e2 Ra1+
36.Kg2 Rxb3 37.Rf5 Rb7 38.Re8+ Kh7 39.Ra8 a4 40.h5 a3 41.Rc5 g6 42.hxg6+ Kxg6
43.Rc3 a2  1/2-1/2

[Event "Brussels SWIFT rapid"]
[Site "Brussels"]
[Date "1992.??.??"]
[Round "?"]
[White "Andersson, Ulf"]
[Black "Nikolic, Predrag"]
[Result "1/2-1/2"]
[WhiteElo "2605"]
[BlackElo "2635"]

1.d4 f5 2.Nf3 Nf6 3.g3 e6 4.Bg2 d5 5.O-O Bd6 6.c4 c6 7.Qc2 O-O 8.Bf4 Bxf4
9.gxf4 Bd7 10.Nbd2 Be8 11.Ne5 Bh5 12.Rfe1 Nbd7 13.cxd5 Nxd5 14.e3 Nxe5 15.dxe5 g5
16.fxg5 Qxg5 17.f4 Qh4 18.Nc4 Kh8 19.Qf2 Qe7 20.a3 Rg8 21.Kh1 Rg7 22.Nd6 Rag8
23.Rg1 h6 24.Raf1 Rg4 25.Bf3 Rxg1+ 26.Rxg1 Bxf3+ 27.Qxf3 Qh4 28.Rxg8+ Kxg8
29.Kg2 b6 30.Qg3+ Qxg3+ 31.Kxg3 Nxe3 32.Nc8 c5 33.Nxa7 Nc4 34.Nc8 b5 35.Na7 b4
36.axb4 cxb4 37.Nc6 b3 38.Nd4 Nxb2 39.Nxb3  1/2-1/2

[Event "Buenos Aires"]
[Site "Buenos Aires"]
[Date "1992.??.??"]
[Round "?"]
[White "Panno, Oscar"]
[Black "Nikolic, Predrag"]
[Result "1/2-1/2"]
[WhiteElo "2465"]
[BlackElo "2635"]

1.c4 e5 2.g3 Nf6 3.Bg2 c6 4.d4 Bb4+ 5.Bd2 Bxd2+ 6.Qxd2 e4 7.Nc3 d5 8.cxd5 cxd5
9.f3 exf3 10.exf3 O-O 11.Nge2 Nc6 12.O-O h6 13.g4 Be6 14.Rfe1 Qb6 15.Rad1 Rae8
16.Nf4 Qd8 17.Qf2 Bc8 18.Nd3 Rxe1+ 19.Rxe1 Ne8 20.h3 Nc7 21.Ne5 f5 22.Qd2 Kh7
23.Na4 Ne6 24.Nxc6 bxc6 25.Nc5 Nxc5 26.dxc5 fxg4 27.fxg4 Ba6 28.Qd4 Re8 29.Rxe8 Qxe8
30.a3 Qe2 31.Kh2 Bd3 32.Kg3 a5 33.h4 Qe1+ 34.Kh3 Be4 35.Bxe4+ dxe4 36.h5 a4
37.Qd6 Qe3+ 38.Kh4 Qf2+ 39.Kh3 Qf3+ 40.Kh4 Qh1+ 41.Kg3 Qf3+ 42.Kh4 Qf2+  1/2-1/2

[Event "Buenos Aires"]
[Site "Buenos Aires"]
[Date "1992.??.??"]
[Round "?"]
[White "Nikolic, Predrag"]
[Black "Zarnicki, Pablo"]
[Result "0-1"]
[WhiteElo "2635"]
[BlackElo "2385"]

1.d4 Nf6 2.c4 e6 3.Nf3 b6 4.e3 Bb7 5.Bd3 d5 6.O-O Bd6 7.b3 O-O 8.Bb2 Ne4
9.Nc3 f5 10.Nb5 Nd7 11.cxd5 Bxd5 12.Rc1 Rf6 13.Nxd6 cxd6 14.Bc4 f4 15.Re1 Qe8
16.exf4 Rxf4 17.Nd2 Nxf2 18.Bxd5 Nxd1 19.Rxe6 Qf7 20.Rxd6 Qxd5 21.Rxd5 Nf6
22.Rxd1 Nxd5 23.Nc4 Raf8 24.a4 Re4 25.Ba3 Nc3 26.Ra1 Ne2+ 27.Kh1 Rd8 28.h3 Nxd4
29.Rd1 Rde8 30.Kh2 Nxb3 31.Nd6 Re1 32.Rd5 R8e5 33.Rd3 Nc5 34.Rd4 Re6 35.a5 R1e3
36.Nc4 Rc3 37.Bb4 Rb3 38.axb6 Rxb4 39.Rd8+ Kf7 40.bxa7 Ra6 41.Ne5+ Ke6 42.Re8+ Kd5  0-1

[Event "Buenos Aires"]
[Site "Buenos Aires"]
[Date "1992.??.??"]
[Round "?"]
[White "Nikolic, Predrag"]
[Black "Ricardi, Pablo"]
[Result "1-0"]
[WhiteElo "2635"]
[BlackElo "2465"]

1.d4 d5 2.c4 dxc4 3.Nf3 Nf6 4.e3 e6 5.Bxc4 c5 6.O-O a6 7.Qe2 Nc6 8.Rd1 cxd4
9.exd4 Be7 10.Nc3 Nb4 11.Ne5 O-O 12.Bb3 Nbd5 13.Rd3 Bd7 14.Rg3 Re8 15.Bh6 Bf8
16.Qf3 Nxc3 17.bxc3 Bc6 18.Nxc6 bxc6 19.Ba4 e5 20.Bxc6 e4 21.Qe2 Re6 22.Bxa8 Qxa8
23.c4 Qb8 24.Rb3 Qd6 25.Be3 Nd7 26.c5 Qd5 27.Rc1 Rg6 28.Qc4 Qh5 29.Bf4  1-0

[Event "Buenos Aires"]
[Site "Buenos Aires"]
[Date "1992.??.??"]
[Round "?"]
[White "Szmetan, Jorge"]
[Black "Nikolic, Predrag"]
[Result "0-1"]
[WhiteElo "2400"]
[BlackElo "2635"]

1.Nf3 d5 2.c4 d4 3.g3 g6 4.Bg2 Bg7 5.O-O e5 6.d3 Ne7 7.b4 O-O 8.Nbd2 a5 9.b5 c5
10.bxc6 Nexc6 11.Ne1 Na6 12.Rb1 Re8 13.Nc2 Bf8 14.Na3 Ncb4 15.Ra1 Nc5 16.Nb5 Bg4
17.a3 Nba6 18.h3 Bd7 19.Rb1 a4 20.Kh2 Bc6 21.f4 exf4 22.Rxf4 Ne6 23.Rf2 Nac5
24.Nf3 Bg7 25.Bb2 Qd7 26.Nd2 Re7 27.Qh1 Ra5 28.Rbf1 Be5 29.h4 Bxg3+ 30.Kxg3 Rxb5
31.cxb5 Qd6+ 32.Kh3 Bd7 33.Rf5 Nf4+ 34.Rxf4 Qxf4 35.Be4  0-1

[Event "Buenos Aires"]
[Site "Buenos Aires"]
[Date "1992.??.??"]
[Round "?"]
[White "Larsen, Bent"]
[Black "Nikolic, Predrag"]
[Result "1/2-1/2"]
[WhiteElo "2535"]
[BlackElo "2635"]

1.e4 e5 2.Bc4 Nf6 3.d3 Be7 4.Nc3 O-O 5.f4 exf4 6.Bxf4 c6 7.e5 Ne8 8.Nf3 d5
9.exd6 Bxd6 10.Qd2 Qc7 11.Be3 Bg4 12.Ne4 Nd7 13.O-O Bxf3 14.gxf3 Nb6 15.Bb3 Nd5
16.f4 Rd8 17.Rae1 Kh8 18.Kh1 Nef6 19.Nxd6 Qxd6 20.Bd4 Nh5 21.Qf2 b6 22.Qh4 Qh6
23.Qg5 Qg6 24.Qxg6 fxg6 25.Bxd5 Rxd5 26.Bc3 Rd7 27.b4 Kg8 28.Re6 c5 29.bxc5 bxc5
30.Rc6 Rf5 31.Be5 g5 32.Rxc5 gxf4 33.d4 g5 34.Rb1 Kf7 35.Rc8 Nf6 36.Rh8 Kg6
37.h3  1/2-1/2

[Event "Buenos Aires"]
[Site "Buenos Aires"]
[Date "1992.??.??"]
[Round "?"]
[White "Benjamin, Joel"]
[Black "Nikolic, Predrag"]
[Result "1/2-1/2"]
[WhiteElo "2555"]
[BlackElo "2635"]

1.e4 e5 2.Nf3 Nc6 3.Bb5 a6 4.Bxc6 dxc6 5.O-O f6 6.d4 exd4 7.Nxd4 c5 8.Nb3 Qxd1
9.Rxd1 Bg4 10.f3 Be6 11.Be3 b6 12.a4 Kf7 13.Bf4 Rc8 14.Nc3 g5 15.Bg3 h5 16.a5 c4
17.Nd4 h4 18.Bf2 b5 19.e5 fxe5 20.Nc6 Nf6 21.Nd8+ Rxd8 22.Rxd8 Bf5 23.Nxb5 g4
24.Na3 gxf3 25.Nxc4 Ng4 26.Ne3 Nxe3 27.Bxe3 Rg8 28.Rd2 Bh3 29.g3 e4 30.Ra4 Bf5
31.Kf2 hxg3+ 32.hxg3 Bd6 33.Bf4 Bc5+ 34.Be3 Bd6 35.Bf4 Bc5+ 36.Be3 Bd6 37.Bf4  1/2-1/2

[Event "EU-chT (Men)"]
[Site "Debrecen"]
[Date "1992.??.??"]
[Round "1"]
[White "Nikolic, Predrag"]
[Black "Renet, Olivier"]
[Result "1-0"]
[WhiteElo "2635"]
[BlackElo "2495"]

1.d4 Nf6 2.Nf3 e6 3.c4 Bb4+ 4.Bd2 c5 5.Bxb4 cxb4 6.g3 b6 7.Bg2 Bb7 8.O-O O-O
9.Qb3 a5 10.a3 Na6 11.Nbd2 d6 12.Rfd1 Qe7 13.Ne1 Bxg2 14.Nxg2 Qb7 15.Ne3 b5
16.a4 bxc4 17.Qxc4 Nc7 18.Rdc1 Ncd5 19.Nxd5 exd5 20.Qd3 Rfe8 21.Nb3 h5 22.Rc2 Qd7
23.h4 Qh3 24.Qf3 Ra7 25.Rac1 Qd7 26.Rc6 Re4 27.Kg2 Qe7 28.Rc8+ Kh7 29.e3 Rg4
30.Rb8 Ne4 31.Qf5+ g6 32.Qc8 Qf6 33.Qg8+ Kh6 34.Qh8+ Qxh8 35.Rxh8+ Kg7 36.Rcc8 Re7
37.Rhe8 Ra7  1-0

[Event "EU-chT (Men)"]
[Site "Debrecen"]
[Date "1992.??.??"]
[Round "3"]
[White "Nikolic, Predrag"]
[Black "Kasparov, Gary"]
[Result "1/2-1/2"]
[WhiteElo "2635"]
[BlackElo "2780"]

1.d4 Nf6 2.c4 g6 3.Nf3 Bg7 4.g3 O-O 5.Bg2 d6 6.O-O Nbd7 7.Nc3 e5 8.e4 c6
9.b3 Qb6 10.Rb1 exd4 11.Nxd4 Nxe4 12.Nxe4 Bxd4 13.Bb2 Bxb2 14.Rxb2 d5 15.cxd5 cxd5
16.Qxd5 Nf6 17.Nxf6+ Qxf6 18.Rd2 a5 19.Re1 a4 20.Qd4 Qxd4 21.Rxd4 axb3 22.axb3 Be6
23.Bxb7 Rab8 24.Bd5  1/2-1/2

[Event "EU-chT (Men)"]
[Site "Debrecen"]
[Date "1992.??.??"]
[Round "6"]
[White "Nikolic, Predrag"]
[Black "Short, Nigel D"]
[Result "0-1"]
[WhiteElo "2635"]
[BlackElo "2685"]

1.d4 d5 2.c4 e6 3.Nc3 Nf6 4.Bg5 Be7 5.e3 O-O 6.Nf3 h6 7.Bh4 b6 8.Be2 Bb7
9.Bxf6 Bxf6 10.cxd5 exd5 11.O-O Re8 12.b4 c6 13.Qb3 a5 14.Rab1 axb4 15.Qxb4 Nd7
16.Qb3 Rb8 17.a4 Ba8 18.Rfd1 Nf8 19.Bf1 h5 20.Qc2 g6 21.g3 h4 22.Bg2 hxg3
23.hxg3 Ne6 24.Rb3 Bg7 25.Rdb1 c5 26.Qd1 cxd4 27.exd4 Rc8 28.Ne2 Rc6 29.Ne5 Rd6
30.f4 Nf8 31.Nc3 f6 32.Nf3 Rde6 33.Qd2 Nd7 34.Qd3 Nf8 35.Kf2 Kf7 36.Bh3 Rd6
37.Qd2 Nd7 38.Bxd7 Qxd7 39.Rxb6 Rc6 40.Rxc6 Bxc6 41.a5 Ra8 42.Nd1 Qa7 43.Ra1 Qb7
44.Qc2 Bd7 45.Ne3 Qb5 46.Nh4 f5 47.Qc3 Rc8 48.Qd2 Bf8 49.Nf3 Bb4 50.Qa2 Bc3
51.Nxd5 Kg7 52.Nxc3 Rxc3 53.Qe2 Qc6 54.Ra2 Qe4 55.a6 Bc6 56.Qxe4 fxe4 57.Ne5 e3+
58.Ke1 Bb5 59.Kd1 e2+ 60.Kd2 Rc1 61.Nf3 Rd1+ 62.Kc3 Rf1 63.Kb4 Rxf3 64.Rxe2 Bxa6
65.Re5 Rxg3 66.f5 g5 67.Re7+ Kf8 68.f6 Rf3 69.Rg7 Rf5  0-1

[Event "Manila ol (Men)"]
[Site "Manila"]
[Date "1992.??.??"]
[Round "?"]
[White "Nikolic, Predrag"]
[Black "Ftacnik, Lubomir"]
[Result "1/2-1/2"]
[WhiteElo "2635"]
[BlackElo "2550"]

1.d4 Nf6 2.c4 g6 3.Nf3 Bg7 4.g3 O-O 5.Bg2 d5 6.O-O c6 7.b3 Bf5 8.Bb2 a5 9.Nc3 Ne4
10.e3 Nd7 11.Qe2 Nxc3 12.Bxc3 a4 13.cxd5 cxd5 14.Qb5 axb3 15.axb3 Qb6 16.Qxb6 Nxb6
17.Ba5 Ra6 18.Bb4 Rxa1 19.Rxa1 Bf6 20.Ra7 Rb8 21.Ne5 e6 22.Bd6 Ra8 23.Rxa8+ Nxa8
24.Kf1 Bc2 25.b4 Nb6 26.Bc7 Na8 27.Bd6 Nb6 28.Bc7  1/2-1/2

[Event "Manila ol (Men)"]
[Site "Manila"]
[Date "1992.??.??"]
[Round "?"]
[White "Nikolic, Predrag"]
[Black "Hjartarson, Johann"]
[Result "1-0"]
[WhiteElo "2635"]
[BlackElo "2580"]

1.d4 Nf6 2.c4 g6 3.Nf3 Bg7 4.g3 O-O 5.Bg2 d6 6.O-O Nbd7 7.Nc3 e5 8.e4 c6
9.b3 Re8 10.h3 exd4 11.Nxd4 Nc5 12.Re1 a5 13.Bf4 Nh5 14.Be3 Bd7 15.Qc2 Qc8
16.Kh2 Nf6 17.Rad1 Re5 18.Nf3 Rh5 19.Nh4 g5 20.Nf5 Bxf5 21.exf5 g4 22.Rxd6 Qxf5
23.Qxf5 Rxf5 24.Red1 Ne6 25.Ne4 Nxe4 26.Bxe4 Rh5 27.Kg1 Re5 28.Bg2 gxh3 29.Bxh3 a4
30.Bxe6 Rxe6 31.Rd8+ Re8 32.Rxe8+ Rxe8 33.Rd7 axb3 34.axb3 Be5 35.Bb6 Rc8
36.Rxb7 c5 37.Kg2 Rc6 38.f4 Bc3 39.f5 h5 40.Kf3 Bb4 41.Bc7 Ra6 42.Ke4 f6
43.Kd5 Ra1 44.Bd6 Re1 45.Re7 Rd1+ 46.Ke6 Rd3 47.Rc7  1-0

[Event "Manila ol (Men)"]
[Site "Manila"]
[Date "1992.??.??"]
[Round "?"]
[White "Nikolic, Predrag"]
[Black "Ivanchuk, Vassily"]
[Result "1/2-1/2"]
[WhiteElo "2635"]
[BlackElo "2720"]

1.d4 d5 2.c4 dxc4 3.Nf3 Nf6 4.e3 c5 5.Bxc4 e6 6.O-O a6 7.dxc5 Bxc5 8.Qxd8+ Kxd8
9.b3 Nbd7 10.Bb2 Ke7 11.Be2 b6 12.Nbd2 Bb7 13.Ne1 b5 14.a4 Bb4 15.Ndf3 bxa4
16.Rxa4 Bd6 17.Nd3 Rhc8 18.Rfa1 Ne4 19.Bf1 Rab8 20.Ba3 g6 21.Nfe5 Nxe5  1/2-1/2

[Event "Manila ol (Men)"]
[Site "Manila"]
[Date "1992.??.??"]
[Round "?"]
[White "Nikolic, Predrag"]
[Black "Kotronias, Vasilios"]
[Result "1/2-1/2"]
[WhiteElo "2635"]
[BlackElo "2560"]

1.d4 d5 2.c4 e6 3.Nc3 Be7 4.Nf3 Nf6 5.e3 O-O 6.Bd3 c5 7.cxd5 exd5 8.dxc5 Bxc5
9.O-O Nc6 10.h3 a6 11.b3 Qe7 12.Bb2 Rd8 13.Ne2 Ne4 14.Rc1 Bd6 15.Bb1 Be6
16.Ned4 Bd7 17.Ne2 Be6 18.Nf4 Bxf4 19.exf4 Qd6 20.Be5 Qb4 21.Re1 Rac8 22.Bb2 f6
23.Nd4 Nxd4 24.Qxd4 Qxd4 25.Bxd4 Rxc1 26.Rxc1 Rc8 27.Rxc8+ Bxc8 28.Bd3 Kf7
29.g4 g6 30.f3 Nd6 31.Kf2 Bd7 32.Ke3 Ne8 33.Bc2 Ng7 34.Bb6 Bc6 35.a4 Ke7
36.b4 Kf7 37.Bb3 Ne6 38.Bd1 Ke7 39.Bc2 Ng7 40.Bc5+ Kf7 41.Bd4 Ke7 42.Bb2 Kf7
43.h4 h6 44.Bc1 h5 45.f5 gxf5 46.gxh5 Nxh5 47.Kd4 Ng7 48.Kc5 d4 49.Bd1 Ne6+
50.Kd6 Ng7 51.Kc5 Ne6+ 52.Kd6 Ng7 53.Kc5 Ne6+ 54.Kd6  1/2-1/2

[Event "Manila ol (Men)"]
[Site "Manila"]
[Date "1992.??.??"]
[Round "?"]
[White "Timman, Jan H"]
[Black "Nikolic, Predrag"]
[Result "1-0"]
[WhiteElo "2620"]
[BlackElo "2635"]

1.d4 d5 2.c4 c6 3.Nc3 e5 4.dxe5 d4 5.Ne4 Qa5+ 6.Nd2 Nd7 7.e6 fxe6 8.g3 Ne5
9.Qc2 Nf6 10.Bg2 Be7 11.Nh3 Nf7 12.O-O e5 13.f4 O-O 14.Nb3 Qc7 15.Ng5 Nxg5
16.fxg5 Nd7 17.Bd2 Rxf1+ 18.Rxf1 Nf8 19.e3 Be6 20.exd4 exd4 21.Nxd4 Bc5 22.Be3 Qe5
23.Qc3 Rd8 24.Rf4 Bf7 25.Re4 Bxd4 26.Rxd4 Rxd4 27.Bxd4 Qxg5 28.Bxa7 Qf5 29.a3 Qb1+
30.Kf2 Qf5+ 31.Kg1 Qb1+ 32.Bf1 Be6 33.Be3 Nd7 34.b3 Bf5 35.Bd4 h6 36.b4 Bh3
37.Qa1 Qxa1 38.Bxa1 Bxf1 39.Kxf1 b5 40.Bd4 Kf7 41.Ke2 g6 42.Kd3 Ke6 43.Bg7 h5
44.Kd4 g5 45.cxb5 cxb5 46.Bh6 Kf5 47.Kd5 Nf6+ 48.Kc6 Ng4 49.Bxg5 Kxg5 50.h3 Ne5+
51.Kxb5 Kf6 52.a4 Ke6 53.a5 Kd7 54.Kb6 Kc8 55.a6 Nd7+ 56.Kc6 Nb8+ 57.Kb5 Nd7
58.g4 hxg4 59.hxg4 Kc7 60.g5 Ne5 61.Kc5 Nd3+ 62.Kc4 Nf4 63.b5 Kb6 64.Kc3  1-0

[Event "Tilburg"]
[Site "Tilburg"]
[Date "1992.??.??"]
[Round "1"]
[White "Nikolic, Predrag"]
[Black "Smirin, Ilia"]
[Result "1-0"]
[WhiteElo "2625"]
[BlackElo "2555"]

1.d4 Nf6 2.c4 g6 3.Nf3 Bg7 4.g3 c5 5.d5 O-O 6.Bg2 d6 7.O-O Na6 8.Nc3 Nc7
9.e4 Bg4 10.h3 Bxf3 11.Qxf3 Nd7 12.Bg5 Rb8 13.Qe2 Qe8 14.a4 e6 15.Be3 exd5
16.cxd5 a6 17.a5 b5 18.axb6 Rxb6 19.Ra2 Rb4 20.Bd2 Qb8 21.Nd1 Rb3 22.Bc3 Bxc3
23.bxc3 Qb6 24.Qc2 c4 25.Ne3 Ne5 26.Rfa1 Rb8 27.Qd2 Rb1+ 28.Kh2 Rxa1 29.Rxa1 Qb3
30.f4 Nd3 31.e5 dxe5 32.fxe5 Nxe5 33.d6 Ne6 34.Nd5 Qb2 35.Qe3 Nd7 36.Rf1 Qc2
37.Rf2 Qd3 38.Qh6 Rf8 39.Rd2 Qb1 40.Re2 a5 41.Re4 Ng7 42.Rxc4 Qe1 43.Rc7 Nh5
44.Rxd7 Qxg3+ 45.Kg1 Rb8 46.Qc1 a4 47.Ra7 Qxd6 48.Rxa4 Ng3 49.Ra2 Nf5 50.Qf4 Qc5+
51.Kh2 Rb1 52.Rf2 Rd1 53.Qb8+ Kg7 54.Qe5+ Kh6 55.Rxf5  1-0

[Event "Tilburg rapid"]
[Site "Tilburg"]
[Date "1992.??.??"]
[Round "4"]
[White "Nikolic, Predrag"]
[Black "Smirin, Ilia"]
[Result "1-0"]
[WhiteElo "2625"]
[BlackElo "2555"]

1.d4 d6 2.Nf3 Bg4 3.c4 Nd7 4.Qb3 Rb8 5.Nbd2 Ngf6 6.g3 c5 7.Bg2 g6 8.Qa4 cxd4
9.Nxd4 Qb6 10.N2b3 e5 11.Nb5 a6 12.Nc3 Bg7 13.Nd5 Qd8 14.Nxf6+ Qxf6 15.c5 h5
16.h3 Bf5 17.Be3 O-O 18.cxd6 Qxd6 19.Rd1 Qe6 20.g4 hxg4 21.hxg4 Bxg4 22.Bd5 Qf5
23.f3 Nf6 24.fxg4 Nxg4 25.Bb6 Nf6 26.Qh4 g5 27.Qf2 Qg6 28.Bg2 Rbc8 29.Bc5 Rfd8
30.Rxd8+ Rxd8 31.O-O Ng4 32.Qg3 f5 33.e4 Qh5 34.Qh3 Qxh3 35.Bxh3 Rd3 36.Bxg4 fxg4
37.Kg2 b5 38.Rf5 Kh7 39.Rxg5 a5 40.Nxa5 Rd2+ 41.Kg3 Rxb2 42.a3 Re2 43.Rxg4 Bh6
44.Kf3 Rc2 45.Bb4 Bf4 46.Rxf4 exf4 47.Kxf4 Kg6 48.Ke5 Kf7 49.Kd6 Ke8  1-0

[Event "Biel Interzonal"]
[Site "Biel"]
[Date "1993.??.??"]
[Round "9"]
[White "Nikolic, Predrag"]
[Black "Hellers, Ferdinand"]
[Result "1-0"]
[WhiteElo "2625"]
[BlackElo "2560"]

1.d4 Nf6 2.c4 g6 3.g3 Bg7 4.Bg2 d5 5.cxd5 Nxd5 6.e4 Nb4 7.d5 c6 8.Ne2 cxd5
9.exd5 Bf5 10.O-O O-O 11.Nbc3 Nd7 12.a3 Nd3 13.g4 Nxb2 14.Bxb2 Bxg4 15.h3 Bh5
16.Rb1 Ne5 17.Ne4 Nf3+ 18.Kh1  1-0

[Event "Biel Interzonal"]
[Site "Biel"]
[Date "1993.??.??"]
[Round "11"]
[White "Nikolic, Predrag"]
[Black "Lputian, Smbat G"]
[Result "1/2-1/2"]
[WhiteElo "2625"]
[BlackElo "2565"]

1.d4 e6 2.c4 d5 3.Nc3 Be7 4.Nf3 Nf6 5.Bg5 h6 6.Bh4 O-O 7.e3 b6 8.Be2 Bb7
9.Bxf6 Bxf6 10.cxd5 exd5 11.O-O Re8 12.b4 c6 13.Qb3 a5 14.bxa5 Rxa5 15.a4 Nd7
16.Rab1 Qa8 17.Rfd1 Ba6 18.Bxa6 Rxa6 19.Qc2 Re6 20.Re1 Be7 21.e4 dxe4 22.Rxe4 Rxe4
23.Qxe4 Bd6 24.g3 Ra5 25.Nd2 Nf6 26.Qf3 Bc7 27.Nc4 Ra6 28.Ne3 Qe8 29.Nf5 Bd8
30.Qd3 Ra5 31.Ne3 Qd7 32.Rd1 Rh5 33.Qe2 Qh3 34.Nf1 g6 35.Qf3 Qe6  1/2-1/2

[Event "Elenite"]
[Site "Elenite"]
[Date "1993.??.??"]
[Round "1"]
[White "Dimitrov, Vladimir"]
[Black "Nikolic, Predrag"]
[Result "1/2-1/2"]
[WhiteElo "2525"]
[BlackElo "2625"]

1.e4 e5 2.Nf3 Nc6 3.Bb5 a6 4.Ba4 Nf6 5.O-O Be7 6.Re1 b5 7.Bb3 O-O 8.c3 d6
9.h3 Be6 10.d4 Bxb3 11.axb3 exd4 12.cxd4 d5 13.e5 Ne4 14.Nc3 f5 15.exf6 Nxf6
16.Bg5 Nb4 17.Nxb5 h6 18.Bh4 Qd7 19.Nc3 Bd6 20.Qb1 Nh5 21.Ne5 Bxe5 22.Rxe5 Nf4
23.Bg3 Nc6 24.Bxf4 Rxf4 25.Rxd5 Qf7 26.Qf1 Nb4 27.Rc5 Rxd4 28.Rd1 Rxd1 29.Qxd1 Re8
30.Rc4 a5 31.Rc5 c6 32.Rxa5 Nd3 33.Qxd3 Re1+ 34.Kh2 Qc7+ 35.g3 Qxa5 36.Qc4+ Kh7
37.Qxc6 Qf5 38.Qg2 Qd3 39.h4 Re5 40.b4 Qc4 41.b5 Qc5  1/2-1/2